000 00665nam a2200181 a 4500
001 000037127
005 20200930080146.0
008 120216s1980 sp 000 0 spa d
020 _a8432303925
040 _aDO-SdBNP
_bspa
_cBNPHU
082 _axxxx
_bE92
100 1 _aEvans, Richard J.
_963536
245 1 4 _aLas feministas :
_blos movimientos de emancipación de la mujer en Europa, América y Australasia, 1840-1920 /
_cRichard J. Evans; traducción de Barbara McShane y Javier Alfaya.
260 _aMadrid :
_bSiglo Veintiuno editores,
_c1980.
300 _a314 p. ;
_c22 cm.
700 1 _aMcShane, Barbara,
_etr.
_918919
700 1 _aAlfaya, Javier,
_etr.
_918918
999 _c36617
_d36617